My Singing Monsters Fire Haven - Statistics

General Stats
  • This quiz has been taken 19 times
  • The average score is 26 of 28
Answer Stats
Monster Type Elements Monster % Correct
Dipster Dipster Do
100%
Dipster Dipster Fa
100%
Dipster Dipster La
100%
Dipster Dipster Mi
100%
Natural Earth Noggin
100%
Natural Plant Potbelly
100%
Dipster Dipster Re
100%
Natural Plant, Air, Earth Reedling
100%
Dipster Dipster Sol
100%
Dipster Dipster Ti
100%
Natural Air Tweedle
100%
Fire Fire, Plant, Air, Water, Earth Candelavra
93%
Natural Air, Earth Cybop
93%
Natural Plant, Air Dandidoo
93%
Epic Supernatural Electricity Epic Wubbox (fire)
93%
Fire Fire, Air Glowl
93%
Fire Fire Kayna
93%
Rare Supernatural Electricity Rare Wubbox
93%
Natural Plant, Earth Shrubb
93%
Fire Fire, Earth Stogg
93%
Supernatural Electricity Wubbox
93%
Fire Fire, Plant, Air Barrb
87%
Mythical Mythical Buzzinga
87%
Fire Fire, Air, Earth Floogull
87%
Fire Fire, Plant Flowah
87%
Fire Fire, Plant, Earth Repatillo
87%
Fire Fire, Plant, Air, Earth Tring
87%
Seasonal Feast-Ember Gobbleygourd
80%
No matching quizzes found
Score Distribution
Percent of People with Each Score
Percentile by Number Answered
Your Score History
You have not taken this quiz